1456 1460 1817 1685 1588 1833 1756 1672 1580 1108 1342 1565 1154 1410 1025 1867 1169 1719 1535 1368 1714 1104 1809 1413 1627 1271 1164 1868 1073 1105 1672 1579 1299 1827 1702 1957 1395 1885 1837 1592 1820 1432 1700 1303 1577 1871 1381 1090 1747 1513 1113 1865 1531 1713 1047 1832 1167 1851 1563 1639 1563 1390 1960 1624 1399 1155 1608 1020 1769 1506 1036 1683 1601 1071 1688 1305 1220 1195 1175 1886 1957 1086 1061 1703 1839 1646 1547 1079 1863 1313 1862 1802 1313 1261 1817 1063 1188 1337 1255 BCNSPRNW ULIB Ver.6.0+V

เปลี่ยนเป็นภาษาไทย

Change to English
 แสดงรายละเอียดบรรณานุกรม
  กลับหน้าหลัก

Brief Record : Get Marc (ISO 2709) : E-mail record : QR code < ปิดหน้าต่าง
LEADER : 00000nam 2200000uu 4500
001    13399120872
003     ULIB
008    121022s2552||||th 000 0 tha d
020    ^a9786167207001
082 04 ^aDS568^bร373ต 2552
100 0  ^aรัตนวุฒิ เนจริญรัมย์
245 10 ^aตลาดน้ำ (มหาชล) มนต์เสน่ห์ตลาดโบราณ /^cรัตนวุฒิ เนจริญรัมย์
250    ^aพิมพ์ครั้งที่ 2
260    ^aกรุงเทพฯ :^bG life,^c2552
300    ^a251 หน้า :^bภาพประกอบ, แผนที่
651  7 ^aตลาดน้ำ^xภูมิประเทศและการท่องเที่ยว
651  7 ^aตลาดน้ำ^xหนังสือนำเที่ยว
945    ^p245^l0^i16684
995    ^aกัณชพร
999 ^a ใช้งานได้ทุกระบบ
รายการนี้ยังไม่มีแท็ก
คุณยังไม่ได้ล็อกอิน คุณสามารถมีกิจกรรมร่วมกับเว็บไซต์ได้ แต่ต้องล็อกอินก่อน ::
  ล็อกอิน

รายการสื่อสารสนเทศ

ลำดับที่ ประเภท เลขเรียก/บาร์โค้ด สถานที่ สถานะ
1. วิทยาศาสตร์การแพทย์ และสุขภาพ
วิทยาศาสตร์การแพทย์ และสุขภาพ
DS568 ร373ต 2552  
  Barcode: 16684
ห้องสมุดวิทยาเขตสวรรค์ประชารักษ์
►หนังสือทั่วไป
บนชั้น

รายการใกล้เคียง
    ผู้แต่ง [รัตนวุฒิ เนจริญรัมย์]

BibComment


ยังไม่เคยถูกคอมเมนท์

คอมเมนท์ทรัพยากรรายการนี้
  คอมเมนท์: ตลาดน้ำ มหาชล มน..


 Copyright 2026. Bcnsprnw @Library